[Event "Hessen-chB"]
[Site "Marburg"]
[Date "2006.04.15"]
[Round "7.18"]
[White "Breitwieser, Peter"]
[Black "Keim, Alexander"]
[Result "1-0"]
[WhiteElo "1898"]
[BlackElo "1682"]
[PlyCount "45"]
[EventDate "2006.04.13"]
[EventType "swiss"]
[EventRounds "7"]
[EventCountry "GER"]
[SourceTitle "EXT 2007"]
[Source "ChessBase"]
[SourceDate "2006.11.23"]
[SourceVersion "1"]
[SourceVersionDate "2006.11.23"]
[SourceQuality "1"]

1. b3 e6 2. Bb2 Nf6 3. e3 Be7 4. f4 0-0 5. Nf3 c5 6. Bd3 d6 7. 0-0 Nbd7 8. Nc3 b6 9. Ne2 Bb7 10. Ng3 g6 11. e4 Qc7 12. f5 exf5 13. exf5 Bxf3 14. Rxf3 Ne5 15. Bxe5 dxe5 16. Bc4 Rad8 17. Qe2 Rd4 18. fxg6 hxg6 19. Raf1 Rf4 20. Rxf4 exf4 21. Ne4 Nxe4 22. Qxe4 Bd6 23. Qxg6+ 1-0